000
00299nam a2200121 a 4500
001
000019536
005
20200929170041.0
008
100630s2010 000 spa d
020
_a
9786074001396
245
3
_a
El pequeño Larousse ilustrado.
260
_a
México D.F.,
_c
2010.
999
_c
19052
_d
19052
040
_a
DO-SdBNP